| Tag |
First Indicator |
Second Indicator |
Subfields |
| LEADER |
00000cam a2200000 a 4500 |
| 001 |
in00000084998 |
| 005 |
20151008054439.0 |
| 008 |
811211s1981 enka 00110 eng d |
| 010 |
|
|
|a 80042038
|
| 020 |
|
|
|z 0192613214
|
| 020 |
|
|
|a 0192613219
|
| 035 |
|
|
|a (OCoLC)07988296
|
| 035 |
|
|
|9 AAJ0690AM
|
| 040 |
|
|
|a LSM
|c LSM
|d MET
|d TXA
|d UtOrBLW
|
| 049 |
|
|
|a TXAM
|c [1654807]
|
| 090 |
|
|
|a RC86.7
|b .H37 1981
|
| 092 |
|
|
|a 616.025
|b Har
|
| 096 |
|
|
|a WB 100 H271a 1981
|
| 100 |
1 |
|
|a Hardy, R. H.
|q (Richard Henry)
|
| 245 |
1 |
0 |
|a Accidents and emergencies :
|b a practical handbook for personal use /
|c R.H. Hardy.
|
| 250 |
|
|
|a 3rd ed.
|
| 264 |
|
1 |
|a Oxford ;
|a New York :
|b Oxford University Press,
|c 1981.
|
| 300 |
|
|
|a vii, 177 pages :
|b illustrations ;
|c 19 cm.
|
| 336 |
|
|
|a text
|b txt
|2 rdacontent
|
| 337 |
|
|
|a unmediated
|b n
|2 rdamedia
|
| 338 |
|
|
|a volume
|b nc
|2 rdacarrier
|
| 490 |
1 |
|
|a Oxford medical publications
|
| 500 |
|
|
|a Includes index.
|
| 504 |
|
|
|a Bibliography: pages [166]-169.
|
| 650 |
|
0 |
|a Medical emergencies.
|
| 650 |
|
0 |
|a Accidents.
|
| 650 |
|
0 |
|a Accidents
|x Handbooks, manuals, etc.
|
| 650 |
|
2 |
|a Emergency Medicine.
|
| 830 |
|
0 |
|a Oxford medical publications.
|
| 999 |
|
|
|a MARS
|
| 999 |
f |
f |
|s b27f12c3-6776-3298-88df-89838a0bdd24
|i 1f456948-a3b8-3b8f-b72f-7a85dac08104
|t 0
|
| 952 |
f |
f |
|p ric
|a Texas A&M University
|b Rellis Campus
|c Joint Library Facility
|d Remote Storage
|t 0
|e RC86.7 .H37 1981
|h Library of Congress classification
|i unmediated -- volume
|m A14806228899
|
| 998 |
f |
f |
|a RC86.7 .H37 1981
|t 0
|l Remote Storage
|